Historical Borders of Newark (NJ) Quiz Stats

 Plays Quiz not verified by Sporcle

Challenge
Share
Tweet
Embed
Score 0/27 Timer 08:00
0 Plays Today
County (Years) Municipality % Correct
Hudson (1861-present)Bayonne
86.8%
Union (1857-present)
Essex (1693-1857)
Elizabeth
86.8%
Hudson (1840-1863; 1873-present)
Bergen (1693-1840)
Jersey City
84.2%
Essex (1863-present)East Orange
81.6%
Essex (1874-present)Irvington
76.3%
Essex (1812-present)Bloomfield
73.7%
Hudson (1895-present)East Newark
71.1%
Essex (1806-1863)Orange
71.1%
Essex (1839-present)Belleville
68.4%
Hudson (1840-present)Harrison
65.8%
Union (1902-1913)
Essex (1808-1834)
Union
65.8%
Essex (1905-present)South Orange
63.2%
Passaic (n/a)
Essex (1693-1812)
Clifton
60.5%
Hudson (1867-present)Kearny
60.5%
County (Years) Municipality % Correct
Essex (1861-1894; 1905-present)Maplewood
60.5%
Union (1913-present)Hillside
57.9%
Essex (1798-1808)Fairfield
55.3%
Morris (1720-1798)Hanover
52.6%
Bergen (1710-1826)
Essex (1693-1710)
Hackensack
50%
Union (n/a)
Essex (1794-1806)
Springfield
47.4%
Essex (1834-1902*)Clinton (defunct)
44.7%
Morris (1720-1798)Pequannock
31.6%
Bergen (1826-1840)South Hackensack
31.6%
Bergen (1716-1808)Saddle Brook
28.9%
Hudson (1863-1873*)Greenville (defunct)
23.7%
Essex (1894-1905*)Vailsburg (defunct)
23.7%
Essex (1869-1871*)Woodside (defunct)
21.1%

You're not logged in!

Compare scores with friends on all Sporcle quizzes.
OR
Log In

You Might Also Like...

Show Comments

Extras

Top Quizzes Today


Score Distribution

Your Account Isn't Verified!

In order to create a playlist on Sporcle, you need to verify the email address you used during registration. Go to your Sporcle Settings to finish the process.

Report this User

Report this user for behavior that violates our Community Guidelines.

Details: